000 00278nam a22001337a 4500
020 _a81-303-0015X
082 _a001
_bASI/M
100 _aASIMOV, ISAAC
245 _aTHESOLAE SYSTEM
_bMARS
260 _aMUMBAI
_bSHLIKA PUBLICATIONS
300 _a32
650 _aGK
942 _cBK
999 _c6429
_d6429